000 00304nam a2200121Ia 4500
008 190216s9999||||xx |||||||||||||| ||und||
100 _a"Vinod A,Venugopalan K"
245 0 _aAdvanced Financial Accounting
260 _bCalicut University Publications
300 _a477
650 _aCommerce
942 _cBK
999 _c7554
_d7554